| 000 | 00804nam a22002177a 4500 | ||
|---|---|---|---|
| 999 |
_c8815 _d8815 |
||
| 003 | AR-CdUCM | ||
| 008 | 190326b ||||| |||| 00| 0 spa d | ||
| 020 | _a9972-778-08-8 | ||
| 040 |
_aMUNICIPALIDAD PROVINCIAL DEL CUSCO _cBIBLIOTECA MUNICIPAL DEL CUSCO |
||
| 082 |
_a985.612 / _bB57 |
||
| 110 |
_aPROFONANPE _924560 |
||
| 245 |
_aBiodiversidad del santuario histórico de Machu Picchu : _bEstado actual del conocimiento / |
||
| 260 |
_aPeru : _bProfonanpe, _c2002. |
||
| 300 |
_a278 paginas ; _c23 cm. |
||
| 505 | _aContenido :Flora silvestre -- Fauna silvestre -- Especies notorias -- Flora forestal -- Orquídeas de Machu Picchu ... | ||
| 650 |
_aHistoria del Perú _9259 |
||
| 650 |
_aMonumentos históricos _96891 |
||
| 650 |
_aMaravilla del mundo _924561 |
||
| 942 |
_2ddc _cLIBROS |
||
| 945 | _arum | ||